Zidentyfikuj powiat po gminach - Statystyki

Ogólne statystyki
  • Ten quiz został rozwiązany 61 razy
    50 od ostatniego zresetowania
  • Średni wynik to 14 z 32
Statystyki odpowiedzi
Gminy Powiat % Poprawnych
Kudowa-Zdrój, Duszniki, Zdrój, Polanica-Zdrój, Lądek-Zdrój, Nowa Ruda, Szczytna, Stronie Śląskie, Bystrzyca Kł., Międzylesie, Radków, Lewin Kł. kłodzki
80%
Kamienica, Łukowica, Jodłownik, Mszana Dolna, Dobra, Laskowa, Słopnice, Tymbark, Niedźwiedź Limanowski
65%
Krzanowice, Kuźnia Raciborska, Nędza, Rudnik, Pietrowice Wielkie, Kornowac, Krzyżanowice Raciborski
65%
Wisła, Skoczów, Ustroń, Strumień, Istebna, Goleszów, Brenna, Hażlach, Dębowiec, Zebrzydowice, Chybie cieszyński
63%
Zagórz, Tyrawa Wołoska, Besko, Bukowsko, Zarszyn, Komańcza sanocki
59%
Annopol, Urzędów, Gościeradów, Dzierzkowice, Wilkołaz, Trzydnik Duży, Szastarka, Zakrzówek kraśnicki
57%
Szprotawa, Małomice, Iłowa, Gozdnica, Niegosławice, Wymiarki, Żagań, Brzeźnica żagański
50%
Miastko, Tuchomie, Trzebielino, Kołczygłowy, Parchowo, Czarna Dąbrówka, Borzytuchom, Lipnica, Studzienice bytowski
48%
Żukowo, Sierakowice, Sulęczyno, Przodkowo, Chmielno, Somonino kartuski
48%
Głuchołazy, Paczków, Otmuchów, Korfantów, Pakosławice, Kamiennik, Skoroszyce, Łambinowice nyski
48%
Hanna, Hańsk, Urszulin, Stary Brus, Wyryki, Wola Uhruska włodawski
46%
Sława, Szlichtyngowa wschowski
46%
Biecz, Bobowa, Ropa, Łużna, Lipinki, Moszczenica, Sękowa, Uście G. gorlicki
43%
Wołczyn, Byczyna, Lasowice Wielkie kluczborski
43%
Ciechanowiec, Czyżew, Szepietowo, Klukowo, Sokoły, Nowe Piekuty, Kobylin-Borzymy, Kulesze Kościelne wysokomazowiecki
43%
Stąporków, Radoszyce, Gowarczów, Ruda Maleniecka, Smyków, Fałków, Słupia K. konecki
41%
Dobra, Węgorzyno, Resko, Radowo Małe łobeski
41%
Bojanów, Pysznica, Zaklików, Zaleszany, Radomyśl nad Sanem stalowowolski
41%
Szumowo, Rutki, Kołaki Kościelne zambrowski
41%
Górowo Iławeckie, Sępopol, Bisztynek bartoszycki
37%
Dziemiany, Karsin, Liniewo, Lipusz, Nowa Karczma, Stara Kiszewa kościerski
37%
Brzeżno, Rąbino, Sławoborze, Połczyn-Zdrój świdwiński
37%
Wiśniowa, Niebylec, Frysztak, Czudec strzyżowski
35%
Budziszewice, Inowłódz, Rokiciny, Rzeczyca, Żelechlinek, Lubochnia, Czerniewice, Będków, Ujazd tomaszowski
35%
Chąśno, Zduny, Kiernozia, Kocierzew Południowy, Nieborów, Łyszkowice, Domaniewice, Bielawy łowicki
33%
Kije, Złota, Michałów, Działoszyce pińczowski
33%
Wojcieszów, Świerzawa, Zagrodno, Pielgrzymka złotoryjski
33%
Brodnica, Książ W., Dolsk śremski
30%
Borkowice, Wieniawa, Gielniów, Rusinów, Potworów, Klwów, Odrzywół przysuski
28%
Brzuze, Skrwilno, Rogowo, Wąpielsk rypiński
22%
Kęsowo, Lubiewo, Śliwice, Cekcyn, Gostycyn tucholski
22%
Bralin, Baranów, Łęka Opatowska, Trzcinica, Rychtal, Perzów kępiński
20%
Nie znaleziono quizów pasujących do podanych kryteriów
Rozkład punktacji
Procent ludzi z każdym wynikiem
Percentyl według liczby udzielonych odpowiedzi
Twoja historia wyników
Nie rozwiązałeś tego quizu od ostatniego zresetowania